000 00816nam a2200265 a 4500
001 75381
003 BD-RjUL
005 20211209082659.0
008 170415s1965 enka 001 0 eng d
035 _a(BD-RjUL)75599
040 _aSOI
_cSOI
_dEUX
_dBD-RjUL
_beng
041 _aeng
082 _223
_a571.1
_bPRC 1965
100 _aProsser, C. Ladd
_9229919
245 1 0 _aComparative Animal physiology /
_cC. Ladd Prosser and Frank A. Brown
250 _aSaunders' International Student edition
260 _aLondon :
_bW.B. Saunders ,
_c1965
300 _aix , 688 p. :
_bill. ;
_c26 cm
490 0 _aTextbooks of animal biology
500 _aIncludes Indexes
650 0 _aPhysiology
_9204885
_vAnimal
700 _aBrown, Frank A.
_9229922
830 _aTextbooks of animal biology
_9229923
942 _2ddc
_cBK
999 _c75381
_d75381